000
00327nam a22001457a 4500
008
230621b ||||| |||| 00| 0 eng d
020
_a
9781111579029
041
_a
eng
080
_2
THIRD EDITION
_a
51
082
_a
51AUF
100
_a
22
101
_a
MATE
245
_a
MATHEMATICAL EXCURSIONS
_c
AUFMANN
942
_2
udc
_c
BK
999
_c
60015
_d
60015